The science fiction of Edgar Allan Poe / (Record no. 234339)

000 -LEADER
fixed length control field 01133cam a2200289 i 4500
001 - CONTROL NUMBER
control field 836374
003 - CONTROL NUMBER IDENTIFIER
control field Nust
005 - DATE AND TIME OF LATEST TRANSACTION
control field 20170318133134.0
008 - FIXED-LENGTH DATA ELEMENTS--GENERAL INFORMATION
fixed length control field 770908s1976 enk b 000 1 eng
010 ## - LIBRARY OF CONGRESS CONTROL NUMBER
LC control number 77361835
020 ## - INTERNATIONAL STANDARD BOOK NUMBER
International Standard Book Number 9780140431063
040 ## - CATALOGING SOURCE
Original cataloging agency DLC
Transcribing agency DLC
Modifying agency DLC
050 00 - LIBRARY OF CONGRESS CALL NUMBER
Classification number PZ3.P752
Item number Sb3
Classification number PS2612
082 00 - DEWEY DECIMAL CLASSIFICATION NUMBER
Classification number 813.3
Author Mark POE
100 1# - MAIN ENTRY--PERSONAL NAME
Personal name Poe, Edgar Allan,
Dates associated with a name 1809-1849.
240 10 - UNIFORM TITLE
Uniform title Selected works.
Date of a work 1976
245 14 - TITLE STATEMENT
Title The science fiction of Edgar Allan Poe /
Statement of responsibility, etc. collected and edited with an introduction and commentary by Harold Beaver.
260 ## - PUBLICATION, DISTRIBUTION, ETC.
Place of publication, distribution, etc. Harmondsworth :
Name of publisher, distributor, etc. Penguin,
Date of publication, distribution, etc. 1976.
300 ## - PHYSICAL DESCRIPTION
Extent xxvi, 429 p. ;
Dimensions 19 cm.
490 0# - SERIES STATEMENT
Series statement Penguin English library
504 ## - BIBLIOGRAPHY, ETC. NOTE
Bibliography, etc. note Bibliography: p. xxv-[xxvi]
650 #0 - SUBJECT ADDED ENTRY--TOPICAL TERM
Topical term or geographic name entry element Science fiction, American.
700 1# - ADDED ENTRY--PERSONAL NAME
Personal name Beaver, Harold Lowther.
856 42 - ELECTRONIC LOCATION AND ACCESS
Materials specified Publisher description
Uniform Resource Identifier <a href="http://www.loc.gov/catdir/enhancements/fy1504/77361835-d.html">http://www.loc.gov/catdir/enhancements/fy1504/77361835-d.html</a>
856 42 - ELECTRONIC LOCATION AND ACCESS
Materials specified Contributor biographical information
Uniform Resource Identifier <a href="https://www.loc.gov/catdir/enhancements/fy1701/77361835-b.html">https://www.loc.gov/catdir/enhancements/fy1701/77361835-b.html</a>
906 ## - LOCAL DATA ELEMENT F, LDF (RLIN)
a 7
b cbc
c orignew
d 4
e ncip
f 19
g y-gencatlg
942 ## - ADDED ENTRY ELEMENTS (KOHA)
Source of classification or shelving scheme
Koha item type Book
Holdings
Withdrawn status Lost status Source of classification or shelving scheme Damaged status Not for loan Collection code Permanent Location Current Location Shelving location Date acquired Total Checkouts Total Renewals Full call number Barcode Checked out Date last seen Date last checked out Copy number Price effective from Koha item type
            Central Library (CL) Central Library (CL) Fiction 03/18/2017 2 6 813.3 POE CL713 09/11/2025 09/02/2024 09/02/2024 1 03/18/2017 Book
© 2023 Central Library, National University of Sciences and Technology. All Rights Reserved.